000 00648na a2200229 4500
001 20131
003 MIRAKIL
005 20181213155104.0
008 170104b tu 000 0
020 _a928063898X
040 _aMilas
_btur
_cTR-AnCHP
041 _aeng
082 _a362.7
_bI58 2005
090 _a362.7 I58 2005
245 _aInvesting in the children of the islamic world
_cUNICEF
260 _aNew York
_bUNICEF
_c2005
300 _a44 s.
_bres.; tbl.; grf.
_c28 sm.
504 _aKaynakça var.
650 _aÇocuklar
_xİslam ülkeleri
_yYatırımlar
710 _aUnited Nations Children's Fund (UNICEF)
942 _2dcc
_cBKS
999 _c6345
_d6345